Remontées et pistes de Villard-de-Lans et Corrençon-en-Vercors - Statistiques

Statistiques générales
  • Ce quiz a été pris 4 fois
  • Le résultat moyen est 29 sur 59
Statistiques - réponses
Type de quiz Secteur Réponse % Correct
Noires Villard Chamois
100%
Noires Villard Carole Montillet
75%
Rouges Villard Cerf bas
75%
Bleues Villard Cerf haut
75%
Remontées Mécaniques TSCD6-10 Corrençon Clos de la Balme
75%
Rouges Villard Coq
75%
Remontées Mécaniques TCD10 Villard Côte 2000
75%
Rouges Corrençon Edelweiss
75%
Rouges Corrençon Edelweiss 2
75%
Vertes Villard Marmotton
75%
Noires Villard Mouflon
75%
Remontées Mécaniques TKD Villard Ourson
75%
Vertes Villard Retour Villard Village
75%
Rouges Villard Tétras
75%
Remontées Mécaniques TKE Corrençon Village
75%
Remontées Mécaniques TKD Corrençon Arolles
50%
Remontées Mécaniques TSF4 Corrençon Belvédère
50%
Bleues Villard Bouquetin
50%
Rouges Villard Canyon
50%
Rouges Corrençon Choucas
50%
Remontées Mécaniques TSD6 Villard Crêtes
50%
Noires Villard Emile Allais
50%
Noires Villard Escalier
50%
Remontées Mécaniques TKD Corrençon Falaise 1
50%
Remontées Mécaniques TKD Corrençon Falaise 2
50%
Vertes Corrençon Forêt
50%
Remontées Mécaniques TSF4 Villard Glovettes
50%
Remontées Mécaniques TSF4 Villard Grand Buisson
50%
Remontées Mécaniques TSD6 Villard Grand Canyon
50%
Noires Corrençon Grand Couloir
50%
Remontées Mécaniques TKD Villard Jaux 2
50%
Noires Villard Loup
50%
Rouges Corrençon Narcisse haut
50%
Bleues Corrençon Perce-neige
50%
Vertes Villard Piste aux étoiles
50%
Vertes Corrençon Prairie
50%
Remontées Mécaniques TCD6 Villard Pré des Preys
50%
Remontées Mécaniques TSF4 Villard Refuge
50%
Remontées Mécaniques TKD Villard Refuge 3
50%
Noires Corrençon Rhodo
50%
Remontées Mécaniques TKE Corrençon Ribambelle
50%
Vertes Villard Salamandre
50%
Remontées Mécaniques Télécorde Corrençon Télécorde
50%
Vertes Corrençon Violette
50%
Remontées Mécaniques TKF Villard Bamby
25%
Bleues Villard Bourgon
25%
Bleues Villard Chevreuil
25%
Vertes Villard Clots
25%
Bleues Villard Daim
25%
Rouges Villard Epervier
25%
Bleues Villard Eterlou
25%
Rouges Villard Lièvre Blanc
25%
Bleues Corrençon Marguerite
25%
Remontées Mécaniques Tapis Corrençon Murgers
25%
Bleues Corrençon Narcisse bas
25%
Bleues Villard Perdrix Blanche
25%
Noires Corrençon Petite Moucherolle
25%
Vertes Corrençon Lilas
0%
Vertes Villard Traverse
0%
Aucun quiz correspondant
Distribution des résultats
% des personnes avec chaque résultat
Percentile par nombre de réponses
Votre historique - résultats
Vous n’avez pas pris ce quiz